LEADER 01526nam0 2200277 450 001 000014244 005 20220701092449.0 100 $a20080710d1879----km-y0itay50------ba 101 0 $aeng$aita 102 $aIT 105 $ay-------001yy 200 1 $a<>nautical and technical dictionary of the English and Italian languages$fcompilato da Raffaele Settembrini 210 $aNapoli$cAntonio Morato$d1879 215 $a425 p.$d19 cm 316 $aLegatura in quarto di pelle su piatti di cartone ricoperti di c. dec. (19x12x3 cm); dorso con A., tit. e filetti impressi in oro; imbrunimento delle carte; alcune p. scucite$5UNIPARTHENOPE 317 $aSulla controguardia ant. antica segnatura ms.: II-T-IV-26 [n.i.]; 576 g 5 [n.i.]; Ingresso N.° 253 Classe I n.° 270 del Registro inventario della Regia Marina Biblioteca dipartimentale di Napoli; sul r. della c. di g. ant. class. Dewey dell'IUN: 623.803; timbro B della Reale Biblioteca di Marina$5UNIPARTHENOPE 510 1 $aDizionario tecnico marinaresco. Inglese-Italiano e Italiano-Inglese$zItaliano 620 $aItalia$dNapoli 676 $a623.88014$v21$9Scienza nautica (arte marinara). Linguaggi e comunicazione 700 1$aSettembrini,$bRaffaele$0332051 712 02$aDue Sicilie : Ministero della guerra e della marina$4390 801 0$aIT$bUNIPARTHENOPE$c20080710$gRICA$2UNIMARC 912 $a000014244 951 $aBORB-I-74$b253$cFB$d2008 996 $aNautical and technical dictionary of the english and italian languages$9111849 997 $aUNIPARTHENOPE